00613nam a22001697a 450000500170000001000150001702000260003203500140005803700130007208200080008510000230009324500650011626000410018127000790022230000540030150000880035520181003111440.0 aENG-124155 a9789386446831c350.00 aEN-107687 bDBAD/PUB00a302 aShetgovekar, Suhas10aAn introduction to social psychology /cby Suhas Shetgovekar aNew Delhi bSAGE Publications,c2018 aB1/I-1 Mohan Cooperative Industrial Area, Mathura RoadbNew Delhi e110044 axv,294p.(A-1, B-1, AB-1, I-1p.)c25cm.(pbk)bill. aIt includes Appendix, bibliography, answers to multiple choice questions and index